Mountains: nearest NFL team - Statistics

General Stats
  • This quiz has been taken 7 times
  • The average score is 7 of 12
Answer Stats
Peak NFL team % Correct
Everest Seattle Seahawks
100%
Guadelupe Peak Arizona Cardinals
80%
Grand Teton Denver Broncos
60%
Mount Whitney Las Vegas Raiders
60%
Kilimanjaro Miami Dolphins
60%
Ben Nevis New England Patriots
60%
Mauna Kea San Francisco 49ers
60%
Clingmans Dome Atlanta Falcons
40%
Craggy Dome Carolina Panthers
40%
Popocatépetl Houston Texans
40%
Old Rag Mountain Washington Commanders
40%
Mount San Jacinto Los Angeles Rams and Chargers
20%
No matching quizzes found
Score Distribution
Percent of People with Each Score
Percentile by Number Answered
Your Score History
You have not taken this quiz